Statistics for Elizabeth Debicki Filmography

Click here to take the quiz!

General Stats

  • This quiz has been taken 6 times
    (2 since last reset)
  • The average score is 8 of 30

Answer Stats

TypeYearName% Correct
Film2023Guardians of the Galaxy Vol. 3
100%
Film2018Peter Rabbit
100%
Film2021Peter Rabbit 2: The Runaway
100%
Film2020Tenet
100%
Web Series2022-2023The Crown
100%
Film2013The Great Gatsby
100%
Film2017Guardians of the Galaxy Vol. 2
50%
TV Mini-Series2016The Night Manager
50%
Film2018Widows
50%
Film20177 from Etheria
0%
Film2011A Few Best Men
0%
FilmTBAAndorra
0%
Film2017Breath
0%
Film2015Everest
0%
FilmTBAFarnsworth House
0%
Short Film2018Flopsy Turvy
0%
Short Film2013Gödel Incomplete
0%
Film2015Macbeth
0%
FilmTBAMaXXXine
0%
TV Show2014Rake
0%
Film2019The Burnt Orange Heresy
0%
Film2018The Cloverfield Paradox
0%
Theater2010-2011The Gift
0%
TV Mini-Series2016The Kettering Incident
0%
Theater2013-2014The Maids
0%
Film2015The Man from U.N.C.L.E.
0%
Theater2016-2017The Red Barn
0%
Film2018The Tale
0%
Film2017Valerian and the City of a Thousand Planets
0%
Film2018Vita & Virginia
0%

Score Distribution

Percentile by Number Answered

Percent of People with Each Score

Your Score History

You have not taken this quiz since the last reset